000 00554nam a22002057a 4500
003 KOHA_MİRAKIL
005 20260428081647.0
008 260427b tu ||||| |||| 00| 0 tur d
020 _a9759777916
040 _aTR-AnABB
_btur
_cTR-AnABB
041 _atur
082 _a813.42
_bCOK 2003
100 1 _aÇoker, Ziya
245 1 0 _aAcı sevgi /
_cZiya Çoker
260 _aAnkara ;
_bGün yayınları,
_c2003
300 _a220 sayfa ;
_c20 cm
650 0 4 _aTürk edebiyatı, roman
900 _bCan ÇELIK
942 _2ddc
_cBK
999 _c10343
_d10343